Statistics for Closest Cities to US Capitals

Click here to take the quiz!

General Stats

  • This quiz has been taken 24 times
  • The average score is 26 of 50

Answer Stats

State Capital mi (km) Closest City State / Province % Correct
MinnesotaSaint Paul8.89 (14.3)MinneapolisMinnesota
87%
AlaskaJuneau573.95 (923.7)AnchorageAlaska
87%
MarylandAnnapolis22.51 (36.23)BaltimoreMaryland
87%
NevadaCarson City25.05 (40.32)RenoNevada
87%
DelawareDover58.23 (93.72)PhiladelphiaPennsylvania
80%
PennsylvaniaHarrisburg69.89 (112.48)BaltimoreMaryland
80%
NebraskaLincoln48.75 (78.46)OmahaNebraska
80%
OregonSalem43.66 (70.27)PortlandOregon
73%
IndianaIndianapolis99.01 (159.34)CincinnatiOhio
73%
LouisianaBaton Rouge54.58 (87.83)LafayetteLouisiana
67%
ArizonaPhoenix9.17 (14.76)GlendaleArizona
67%
ArkansasLittle Rock129.83 (208.95)MemphisTennessee
67%
ConnecticutHartford23.49 (37.8)SpringfieldMassachusetts
67%
MississippiJackson139.47 (224.46)Baton RougeLouisiana
67%
New MexicoSanta Fe57.42 (92.41)AlbuquerqueNew Mexico
67%
MaineAugusta124.17 (199.84)ManchesterNew Hampshire
60%
OhioColumbus64.89 (104.44)DaytonOhio
60%
IdahoBoise285.62 (459.66)SpokaneWashington
60%
ColoradoDenver7.19 (11.57)AuroraColorado
60%
West VirginiaCharleston132.94 (213.95)ColumbusOhio
60%
MontanaHelana178.32 (286.98)BillingsMontana
53%
AlabamaMontgomery76.78 (123.57)ColumbusGeorgia
53%
MissouriJefferson City27.44 (44.16)ColumbiaMissouri
53%
KentuckyFrankfort23.03 (37.06)LexingtonKentucky
53%
IowaDes Moines104.6 (168.34)Cedar RapidsIowa
53%
MichiganLansing47.76 (76.86)FlintMichigan
47%
South CarolinaColumbia65.57 (105.53)AugustaGeorgia
47%
Rhode IslandProvidence35.98 (57.91)WorcesterMassachusetts
47%
WyomingCheyenne40.27 (64.81)Fort CollinsColorado
47%
MassachusettsBoston3.28 (5.28)CambridgeMassachusetts
40%
North CarolinaRaleigh7.89 (12.7)CaryNorth Carolina
40%
OklahomaOklahoma City17.46 (28.1)NormanOklahoma
33%
IllinoisSpringfield63.72 (102.55)PeoriaIllinois
33%
KansasTopeka47.43 (76.34)OlatheKansas
33%
North DakotaBismarck186.19 (299.64)FargoNorth Dakota
33%
UtahSalt Lake City6.09 (9.81)West Valley CityUtah
33%
WashingtonOlympia26.01 (41.86)TacomaWashington
33%
CaliforniaSacramento16.7 (26.88)RosevilleCalifornia
33%
GeorgiaAtlanta59.92 (96.44)AthensGeorgia
27%
South DakotaPierre189.01 (304.19)Sioux FallsSouth Dakota
27%
TexasAustin16.74 (26.94)Round RockTexas
27%
VirginiaRichmond67.8 (109.12)Newport NewsVirginia
27%
TennesseeNashville31.5 (50.7)MurfreesboroTennessee
27%
WisconsinMadison57.73 (92.91)RockfordIllinois
20%
HawaiiHonolulu2,397 (3858)Santa RosaCalifornia
13%
VermontMontpelier85.56 (137.7)SherbrookeQuebec
7%

Score Distribution

Percentile by Number Answered

Percent of People with Each Score

Your Score History

You have not taken this quiz